|
|
|
|
| LEADER |
02904nam a2200541 i 4500 |
| 001 |
mzk03001274321 |
| 003 |
CZ BrMZK |
| 005 |
20200828114406.0 |
| 007 |
ta |
| 008 |
200828s1570 fr fr|||||00| ||latod |
| 040 |
|
|
|a BOA001
|b cze
|e rda
|
| 072 |
|
7 |
|a 2-1
|x Přirozená teologie. Náboženská filozofie
|2 Konspekt
|9 5
|
| 072 |
|
7 |
|a 094
|x Staré tisky
|2 Konspekt
|9 12
|
| 080 |
|
|
|a 2-1:101
|2 MRF
|
| 080 |
|
|
|a 025.171
|2 MRF
|
| 080 |
|
|
|a (0.068)094
|2 MRF
|
| 100 |
0 |
|
|a Thomas of Ireland,
|d asi 1265-asi 1329
|7 mzk2003199146
|4 aut
|
| 245 |
1 |
0 |
|a FLORES OMNIVM PENE DOCTORVM Qui tum in Theologia, tum in Philosophia hactenus claruerunt :
|b Olim summa cum diligentia collecti ac ordine Alphabetico in vnum congesti, nunc verò maiori quam antehac religione ac fide locupletissimi &castigatissimi facti. Autores,ex quibus depromptae gnomologiae in ipsa Operis fronte praefixi sunt
|c per Thomam Hibernicum
|
| 246 |
3 |
3 |
|a FLORES OMNIUM PENE DOCTORUM Qui tum in Theologia, tum in Philosophia hactenus claruerunt
|
| 264 |
|
1 |
|a LVGDVNI :
|b Apud Guilielmum Rouillium,
|c 1580
|
| 300 |
|
|
|a 942 stran ;
|c 8°
|
| 336 |
|
|
|a text
|b txt
|2 rdacontent
|
| 337 |
|
|
|a bez média
|b n
|2 rdamedia
|
| 338 |
|
|
|a svazek
|b nc
|2 rdacarrier
|
| 500 |
|
|
|a Výzdoba: Nad impresem tiskařský signet, vlysy, iniciály
|
| 500 |
|
|
|a Rozsah: 942 s.
|
| 561 |
|
|
|a Provenience: [supralibros] FCG 1582
|
| 561 |
|
|
|a Provenience: [m.p.] In usum [...] Kocher parochi in [...]
|
| 561 |
|
|
|a Provenience: [m.p.] F. C. Gothardi 1680
|
| 561 |
|
|
|a Provenience: [m.p.] Hunc liber dono accessi ab [...]Kocherr parocho in [...]
|
| 561 |
|
|
|a Provenience: [razítko] S.A.B. BRAUNAU
|
| 561 |
|
|
|a Provenience: [razítko] Státní vědecká knihovna Hradec Králové 4463
|
| 563 |
|
|
|a Usňová vazba, dřevěné desky potažené hovězinou se slepotiskovým rámcem, na předních deskách v slepotiskovem rámeci s žaludy v rozích slepotiskové supralibros FCG 1582 a plotna s Pannou Marií (MARIA MATER DEI), na zadních deskách plotna s Ježíšem (SALVATOR MVNDI REX REGVM), defektní háčkové spony s kolíčkovou záchytkou (obě utržené), na hřbetu mezi vazy slepotiskové linky
|
| 650 |
|
7 |
|a teologie a filozofie
|7 ph332188
|2 czenas
|
| 650 |
|
7 |
|a historické knihovní fondy
|7 ph172933
|2 czenas
|
| 655 |
|
7 |
|a staré tisky
|7 fd422076
|2 czenas
|
| 856 |
4 |
2 |
|u https://books.google.cz/books?id=xS9Mv5cycGYC&printsec=frontcover&hl=cs&source=gbs_ge_summary_r&cad=0#v=onepage&q&f=false
|y Digitalizovaný dokument
|z Exemplář z Lyonské veřejné knihovny
|
| 903 |
|
|
|a RP
|
| 910 |
|
|
|a NAG950
|b B - II. G. aa. 56,1
|
| 978 |
|
|
|b Rouillé, Guillaume
|a Lyon
|c 1580
|
| 981 |
1 |
|
|a Kocher, M.
|
| 982 |
0 |
|
|a Broumov - benediktinský klášter
|
| 982 |
0 |
|
|a Hradec Králové - SVK
|
| 984 |
|
|
|a Lyon
|b Francie
|
| 985 |
|
|
|a 1551-1600
|
| 990 |
|
|
|a BK
|
| 991 |
|
|
|k broumov
|
| 980 |
|
|
|c 004653
|g B - II. G. aa. 56,1
|1 458950004653
|p XII. G. ß. 43
|